Remediation - taking back the land (Record no. 74564)
[ view plain ]
| 000 -LEADER | |
|---|---|
| fixed length control field | 01209cab a2200253 4500 |
| 001 - CONTROL NUMBER | |
| control field | ABS68339 |
| 008 - FIXED-LENGTH DATA ELEMENTS--GENERAL INFORMATION | |
| fixed length control field | 041011n2004 000 0 eng u |
| 035 ## - SYSTEM CONTROL NUMBER | |
| System control number | (Sirsi) u127664 |
| 100 ## - MAIN ENTRY--PERSONAL NAME | |
| Personal name | Ross, P. |
| 245 ## - TITLE STATEMENT | |
| Title | Remediation - taking back the land |
| 260 ## - PUBLICATION, DISTRIBUTION, ETC. | |
| Date of publication, distribution, etc. | 2004 |
| 490 ## - SERIES STATEMENT | |
| Series statement | Environment Information Bulletin |
| Volume/sequential designation | (142) October 2004, 12-14(3) |
| 520 ## - SUMMARY, ETC. | |
| Summary, etc. | Looks at what to expect for those responsible for contaminated land. Under the Environmental Protection Act 1990 Part IIA, in force since April 2000, landowners are more liable for the cost of remediation, although there are grants available and, in certain circumstances, businesses can claim corporate tax relief. Sets out what organisations are responsible for implementing the contaminated land regime and outlines what methods can be used in remediation. Also mentions using contractors to deal with the site and any problems that may occur. |
| 590 ## - LOCAL NOTE (RLIN) | |
| Local note | ABS |
| 650 ## - SUBJECT ADDED ENTRY--TOPICAL TERM | |
| Topical term or geographic name entry element | CONTAMINATED LAND |
| 650 ## - SUBJECT ADDED ENTRY--TOPICAL TERM | |
| Topical term or geographic name entry element | REMEDIATION |
| 650 ## - SUBJECT ADDED ENTRY--TOPICAL TERM | |
| Topical term or geographic name entry element | ENVIRONMENTAL PROTECTION ACT 1990 |
| 650 ## - SUBJECT ADDED ENTRY--TOPICAL TERM | |
| Topical term or geographic name entry element | LANDOWNERS |
| 650 ## - SUBJECT ADDED ENTRY--TOPICAL TERM | |
| Topical term or geographic name entry element | LIABILITIES |
| 650 ## - SUBJECT ADDED ENTRY--TOPICAL TERM | |
| Topical term or geographic name entry element | BROWNFIELD SITES |
| 690 ## - LOCAL SUBJECT ADDED ENTRY--TOPICAL TERM (OCLC, RLIN) | |
| Topical term or geographic name as entry element | ENVIRONMENT-CONTAMINATION |
| 700 ## - ADDED ENTRY--PERSONAL NAME | |
| Personal name | Waterman, L. |
| 942 ## - ADDED ENTRY ELEMENTS (KOHA) | |
| Suppress in OPAC | 0 |
| Withdrawn status | Lost status | Source of classification or shelving scheme | Damaged status | Not for loan | Home library | Current library | Shelving location | Date acquired | Total Checkouts | Full call number | Barcode | Date last seen | Copy number | Price effective from | Koha item type |
|---|---|---|---|---|---|---|---|---|---|---|---|---|---|---|---|
| Dewey Decimal Classification | London | London | Journal article | 11/10/2004 | ABS68339 | 127664-1001 | 06/08/2019 | 1 | 06/08/2019 | Journal article |